000 00291nam a2200121 a 4500
005 20141022142006.0
008 080922s19uu xx 00 eng d
050 _aCD-ROM
_bSCR4 2000
245 _aScripture solitaire.
650 _aCD-ROM.
650 _aScripture solitaire.
942 _cAVM
999 _c276484
_d276484